00585nam a2200181Ia 4500008004100000020001800041020001800059040001800077041000800095100001900103245005700122250001200179260006100191300004900252504005300301650002900354650002000383130821s2011 enka gr eng  a9780521514729 a9780521733045 aCo-BoUCMbspa00aeng1 aMontiel, Peter10aMacroeconomics in emerging marketscPeter J. Montiel a2nd ed. aCambridge (Inglaterra)bCambridge University Pressc2011 axiii, 763 paginasbilustraciones, gráficas aIncluye referencias bibliográficas e índice.04aEconomía internacional04aMacroeconomía